| 000 | 00000nas 2200000za 4500 |
| 001 | 9.503647 |
| 003 | CaOODSP |
| 005 | 20221107133309 |
| 007 | cr ||||||||||| |
| 008 | 150406d20072011oncar p o f0 b0fre|d |
| 020 | |z978-0-662-04052-1 |
| 040 | |aCaOODSP|bfre |
| 043 | |an-cn--- |
| 086 | 1 |aHP37-8/1F-PDF|zHP37-8/1-2007F-PDF|zHP37-8/1-2008F-PDF |
| 245 | 00|aC-Enternet, rapport sommaire |h[ressource électronique]. |
| 260 | |a[Ottawa] : |bAgence de santé publique du Canada, |cc2008-2012. |
| 310 | |aAnnuel |
| 362 | 1 |aParaît depuis 20074; ne paraît plus après 2011. |
| 500 | |aPubl. aussi en anglais sous le titre : C-EnterNet short report. |
| 692 | 07|2gccst|aSalubrité des aliments |
| 710 | 2 |aAgence de santé publique du Canada. |
| 775 | 08|tC-EnterNet short report |w(CaOODSP)9.507258 |
| 785 | 00|tRapport sommaire, FoodNet Canada |w(CaOODSP)9.504166 |